| 000 | 00353nam a2200121Ia 4500 | ||
|---|---|---|---|
| 008 | 160523s9999 xx 000 0 und d | ||
| 100 | _a Meister, John. | ||
| 245 | _aPractical Suggestions for Microsoft Windows | ||
| 245 | _cJohn Meister. | ||
| 260 | _c2015 | ||
| 650 | _xInformation Technology. | ||
| 856 | _uhttp://www.smashwords.com/books/view/508267 | ||
| 999 |
_c294697 _d294697 |
||